000
00330nam a2200145Ia 4500
008
230718s9999 xx 000 0 und d
041
_a
Eng.
082
_a
341.04
_b
DAS-T
100
_a
Dashwood Alan
245
4
_a
The General Law
260
_a
Pakistan
_b
Sweet and Maxwell
_c
2004
300
_a
314
650
_a
Law
999
_c
27728
_d
27728